000 00598cam a2200205 4500500
005 20260329003023.0
041 _afre
042 _adc
100 1 0 _aDuru, Martin
_eauthor
700 1 0 _aDuru, Martin
_eauthor
245 0 0 _aJankélévitch le charme de l’instant
260 _c2014.
500 _a69
690 _aInstant
690 _aNostalgie
690 _aPrésent
690 _aTemps
786 0 _nPhilosophie magazine | 81 | 7 | 2014-07-01 | p. 46-46 | 1951-1787
856 4 1 _uhttps://shs.cairn.info/magazine-philosophie-magazine-2014-7-page-46?lang=fr&redirect-ssocas=7080
999 _c1820608
_d1820608